Fatimid history and Ismaili doctrine /

محفوظ في:

المؤلف الرئيسي: Walker, Paul Ernest, 1941- (مؤلف)

التنسيق: كتاب

اللغة: English

منشور في: Aldershot ; Burlington, VT : Ashgate/Variorum, c2008.

سلاسل: Collected studies ; CS900.

الموضوعات:

الوسوم: إضافة وسم

لا توجد وسوم, كن أول من يضع وسما على هذه التسجيلة!

رقم الطلب: DT173 .W352 2008

LEADER 01884nam a22003137a 4500
003 OSt
005 20260420162530.0
008 260420t2008 enkbj b 001 0 eng d
010 |a 2007031623 
020 |a 0754659526 
020 |a 9780754659525 
040 |c ARCE Library 
043 |a aw-----  |a ff----- 
050 1 4 |a DT173  |b .W352 2008 
100 1 |a Walker, Paul Ernest,   |d 1941-   |e author 
245 1 0 |a Fatimid history and Ismaili doctrine /   |c Paul E. Walker. 
264 1 |a Aldershot ;   |a Burlington, VT :   |b Ashgate/Variorum,   |c c2008. 
300 |a 1 volume (various pagings) :   |b map, genealogical table ;   |c 24 cm. 
490 1 |a Collected studies ;   |v CS900. 
504 |a Includes bibliographical references and index. 
505 0 |a Fatimid institutions of learning -- Succession to rule in the Shiite caliphate -- The Ismaili daʻwa in the reign of the Fatimid caliph al-Ḥākim -- Another family of Fatimid chief Qāḍīs : the al-Fāriqīs -- A Byzantine victory over the Fatimids at Alexandretta (971) -- The "crusade" of John Tzimisces in the light of new Arabic evidence -- Al-Maqrīzī and the Fatimids -- Purloined symbols of the past : the theft of souvenirs and sacred relics in the rivalry between the Abbasids and Fatimids -- "In praise of al-Ḥākim" : Greek elements in Ismaili writings on the Imamate -- Abū Tammām and his Kitāb al-Shajara : a new Ismaili treatise from tenth-century Khurasan -- An Ismaʻili version of the heresiography of the seventy-two erring sects -- Eternal cosmos and the womb of history : time in early Ismaili thought -- The doctrine of metempsychosis in Islam. 
650 0 |a Fatimites  |x Historiography. 
650 0 |a Fatimites  |x History. 
650 0 |a Islamic philosophy  |x Greek influences. 
650 0 |a Ismailites  |x Doctrines. 
830 0 |a Collected studies ;   |v CS900. 
901 |a reviewed 
942 |c BK  |2 lcc 
999 |c 23107  |d 23107